Nuevas orientaciones en políticas y gestión urbana : la Ciudad Latinoamericana y del Caribe / [Editor: Richard Batley ; autores: Richard Batley... [et al.]] la Ciudad Latinoamericana y del Caribe / [Editor:
Descripción Física:
89 p. ; 30 cm
Colección:
Documents Pi i Sunyer ; 4
Otros Autores:
Batley, Richard
MARC
| LEADER | 00000nam a2200000Ia 4500 | ||
|---|---|---|---|
| 001 | 19087 | ||
| 008 | 160829s1997 xx 000 0 cat d | ||
| 080 | |a M-3-269 | ||
| 245 | |a Nuevas orientaciones en políticas y gestión urbana : |b la Ciudad Latinoamericana y del Caribe / [Editor: |b Richard Batley ; autores: |b Richard Batley... [et al.]] | ||
| 260 | |a Barcelona : |b Fundació Carles Pi i Sunyer d'Estudis Autonòmics i Locals, |c 1997 | ||
| 300 | |a 89 p. ; |c 30 cm | ||
| 490 | |a Documents Pi i Sunyer ; 4 | ||
| 590 | |a Bibliografia. | ||
| 590 | |a Textos presentats en el simposi 'La Ciudad latinoamericana y del Caribe en el nuevo siglo', celebrat dins de l'Asamblea de Gobernadores del Banco Interamericano de Desarrollo a Barcelona, el març de 1997 | ||
| 650 | |a Urbanisme |x Amèrica Llatina |9 44819 | ||
| 650 | |a Urbanisme |x Carib (Regió) |9 44820 | ||
| 700 | 1 | |a Batley, Richard |9 44821 | |
| 710 | 1 | |a Fundació Carles Pi i Sunyer d'Estudis Autonòmics i Locals |9 52753 | |
| 901 | |a Arxiu | ||
| 942 | |n 1 | ||
| 952 | |0 0 |1 0 |4 0 |6 M3269 |7 1 |9 52189 |a Arxiu |b Arxiu |d 2016-12-01 |l 0 |o M-3-269 |p 19087 |r 2016-12-01 00:00:00 |w 2016-12-01 |y ARXIU | ||
| 999 | |c 56037 |d 56037 | ||